[Event "Berlin-ch Seniors op 30th"]
[Site "Berlin"]
[Date "2014.02.03"]
[Round "5"]
[White "Petkov, Peter"]
[Black "Jaeger, Andre"]
[Result "1/2-1/2"]
[WhiteElo "1857"]
[BlackElo "1936"]
[PlyCount "25"]
[EventDate "2014.01.30"]
[EventType "swiss"]
[EventRounds "9"]
[EventCountry "GER"]
[SourceTitle "EXT 2018"]
[Source "ChessBase"]
[SourceDate "2017.10.13"]
[SourceVersion "1"]
[SourceVersionDate "2017.10.13"]
[SourceQuality "1"]

1. e4 c5 2. Nf3 Nc6 3. Bb5 Nf6 4. Nc3 Qc7 5. 0-0 Nd4 6. Be2 Ng4 7. g3 Nxe2+ 8. Qxe2 d6 9. d4 cxd4 10. Nxd4 e5 11. Nf5 Bxf5 12. exf5 h5 13. Qb5+ 1/2-1/2

[Event "Berlin-ch Seniors op 30th"]
[Site "Berlin"]
[Date "2014.02.02"]
[Round "4"]
[White "Postler, Reinhard"]
[Black "Petkov, Peter"]
[Result "0-1"]
[WhiteElo "2138"]
[BlackElo "1857"]
[PlyCount "66"]
[EventDate "2014.01.30"]
[EventType "swiss"]
[EventRounds "9"]
[EventCountry "GER"]
[SourceTitle "EXT 2018"]
[Source "ChessBase"]
[SourceDate "2017.10.13"]
[SourceVersion "1"]
[SourceVersionDate "2017.10.13"]
[SourceQuality "1"]

1. e4 c6 2. d4 g6 3. Nc3 d5 4. h3 Bg7 5. Nf3 dxe4 6. Nxe4 Nd7 7. Bc4 Nb6 8. Bb3 Nf6 9. Qe2 Nxe4 10. Qxe4 Bf5 11. Qh4 h6 12. 0-0 Nd5 13. Re1 Qd6 14. Ne5 g5 15. Qh5 Bxe5 16. Rxe5 Bg6 17. Qe2 e6 18. Bd2 0-0-0 19. c4 Nf4 20. Bxf4 gxf4 21. Rd1 Bf5 22. Qf3 Rhg8 23. Kh1 Qc7 24. Ree1 Rg7 25. d5 c5 26. Rd2 e5 27. Qh5 Rg5 28. Qxh6 Rdg8 29. Bd1 Rxg2 30. Bf3 R2g6 31. Qh4 Qd6 32. Qh5 Rg5 33. Qh4 Qf6 0-1

[Event "Berlin Lichtenberger op 10th"]
[Site "Berlin"]
[Date "2011.08.13"]
[Round "1"]
[White "Petkov, Peter"]
[Black "Laurin, Dirk"]
[Result "1/2-1/2"]
[WhiteElo "2036"]
[BlackElo "1671"]
[PlyCount "64"]
[EventDate "2011.08.13"]
[EventType "swiss"]
[EventRounds "9"]
[EventCountry "GER"]
[SourceTitle "CBM 143 Extra"]
[Source "ChessBase"]
[SourceDate "2011.08.29"]
[SourceVersion "1"]
[SourceVersionDate "2011.08.29"]
[SourceQuality "1"]

1. Nf3 d6 2. c4 e5 3. Nc3 Nf6 4. d3 c6 5. g3 Be7 6. Bg2 0-0 7. 0-0 Bd7 8. Bd2 Na6 9. a3 Nc7 10. b4 Rb8 11. Be3 b6 12. h3 Ne6 13. Kh2 Ne8 14. d4 exd4 15. Nxd4 Nxd4 16. Bxd4 Bf6 17. Ne4 Be7 18. Bb2 f5 19. Nc3 Qc8 20. e3 Nf6 21. Rc1 Be6 22. Nd5 Bd8 23. Nf4 d5 24. cxd5 Bf7 25. Be5 Ne4 26. Rxc6 Qb7 27. Bxb8 Qxb8 28. Ne6 Bxe6 29. Rxe6 Bh4 30. Bxe4 fxe4 31. Rxe4 Rxf2+ 32. Kh1 Rh2+ 1/2-1/2

[Event "Berlin-ch Seniors op 27th"]
[Site "Berlin"]
[Date "2011.01.30"]
[Round "2"]
[White "Petkov, Peter"]
[Black "Pfueller, Volker"]
[Result "1-0"]
[WhiteElo "1895"]
[BlackElo "1609"]
[PlyCount "75"]
[EventDate "2011.01.29"]
[EventType "swiss"]
[EventRounds "9"]
[EventCountry "GER"]
[SourceTitle "EXT 2012"]
[Source "ChessBase"]
[SourceDate "2011.11.24"]
[SourceVersion "1"]
[SourceVersionDate "2011.11.24"]
[SourceQuality "1"]

1. Nf3 f5 2. d4 Nf6 3. g3 g6 4. Bg2 Bg7 5. 0-0 0-0 6. c4 d6 7. Nc3 a5 8. b3 Na6 9. Bb2 Qe8 10. a3 e5 11. dxe5 dxe5 12. e4 fxe4 13. Ng5 e3 14. Nd5 h6 15. Nxf6+ Rxf6 16. Qd5+ Kh8 17. Ne4 exf2+ 18. Nxf2 Rd6 19. Qf3 Kh7 20. Ne4 Rb6 21. c5 Rc6 22. b4 Bf5 23. g4 Bxe4 24. Qxe4 Qe7 25. Qc4 Rf8 26. Bxc6 bxc6 27. Qxa6 Rxf1+ 28. Rxf1 axb4 29. axb4 Qe6 30. Qe2 Qd5 31. Qc2 Qe6 32. Qe4 Qd5 33. Qxd5 cxd5 34. Rf7 d4 35. Rxc7 Kg8 36. Kf1 d3 37. Rxg7+ Kxg7 38. Bxe5+ 1-0

[Event "GER-ch Seniors 22nd"]
[Site "Berlin"]
[Date "2010.08.24"]
[Round "9"]
[White "Hellwege, Werner"]
[Black "Petkov, Peter"]
[Result "1/2-1/2"]
[WhiteElo "1773"]
[BlackElo "1907"]
[PlyCount "99"]
[EventDate "2010.08.16"]
[EventType "swiss"]
[EventRounds "9"]
[EventCountry "GER"]
[SourceTitle "CBM 138 Extra"]
[Source "ChessBase"]
[SourceDate "2010.10.29"]
[SourceVersion "1"]
[SourceVersionDate "2010.10.29"]
[SourceQuality "1"]

1. d4 Nf6 2. Nf3 e6 3. g3 c5 4. Bg2 cxd4 5. Nxd4 Nc6 6. 0-0 Bc5 7. Nb3 Bb6 8. c4 d6 9. Nc3 a6 10. Bf4 Bc7 11. e4 0-0 12. Qe2 Qe7 13. h3 Rd8 14. Rfd1 Ne5 15. Bxe5 dxe5 16. Rxd8+ Bxd8 17. c5 Bd7 18. Qe3 Rc8 19. Rc1 Bc7 20. Bf1 Bc6 21. Bg2 Nd7 22. g4 Bd8 23. a3 Qg5 24. Qxg5 Bxg5 25. Rc2 Be7 26. Na5 Nxc5 27. Nxc6 Rxc6 28. Ne2 a5 29. Nc1 Bg5 30. b4 Bxc1 31. b5 Rc8 32. Rxc1 Kf8 33. f3 Ke7 34. Bf1 b6 35. Be2 Rd8 36. Rc2 Rd4 37. Kg2 Ra4 38. Rc3 Rd4 39. Rc2 Kf6 40. h4 Ke7 41. Kg3 Kd7 42. h5 f6 43. Kf2 Kc7 44. Kg3 Kb7 45. Kh3 Nd3 46. Kg3 Nf4 47. Bf1 Rd1 48. Kf2 Nd3+ 49. Ke2 Rb1 50. Rc6 1/2-1/2

[Event "GER-ch Seniors 22nd"]
[Site "Berlin"]
[Date "2010.08.23"]
[Round "8"]
[White "Petkov, Peter"]
[Black "Knaak, Joachim"]
[Result "0-1"]
[WhiteElo "1907"]
[BlackElo "2023"]
[PlyCount "52"]
[EventDate "2010.08.16"]
[EventType "swiss"]
[EventRounds "9"]
[EventCountry "GER"]
[SourceTitle "CBM 138 Extra"]
[Source "ChessBase"]
[SourceDate "2010.10.29"]
[SourceVersion "1"]
[SourceVersionDate "2010.10.29"]
[SourceQuality "1"]

1. Nf3 g6 2. c4 Nf6 3. Nc3 Bg7 4. g3 0-0 5. Bg2 d5 6. cxd5 Nxd5 7. 0-0 c5 8. Nxd5 Qxd5 9. d3 Nc6 10. Ng5 Qd7 11. Ne4 b6 12. Nc3 Bb7 13. Be3 Rad8 14. Re1 h6 15. Rc1 Kh7 16. Qa4 f5 17. a3 e5 18. f4 exf4 19. Qxf4 Rfe8 20. Bf2 Nd4 21. Bxb7 Qxb7 22. Rcd1 Re7 23. Bxd4 Bxd4+ 24. e3 Rde8 25. Ne4 Be5 26. Nd6 Qc6 0-1

[Event "GER-ch Seniors 22nd"]
[Site "Berlin"]
[Date "2010.08.22"]
[Round "7"]
[White "Perk, Egbert"]
[Black "Petkov, Peter"]
[Result "0-1"]
[WhiteElo "1759"]
[BlackElo "1907"]
[PlyCount "89"]
[EventDate "2010.08.16"]
[EventType "swiss"]
[EventRounds "9"]
[EventCountry "GER"]
[SourceTitle "CBM 138 Extra"]
[Source "ChessBase"]
[SourceDate "2010.10.29"]
[SourceVersion "1"]
[SourceVersionDate "2010.10.29"]
[SourceQuality "1"]

1. d4 Nf6 2. c4 e6 3. Nf3 c5 4. e3 cxd4 5. exd4 Bb4+ 6. Bd2 Bxd2+ 7. Qxd2 d5 8. Nc3 0-0 9. Be2 dxc4 10. Bxc4 Nbd7 11. 0-0 Nb6 12. Bb3 Bd7 13. Ne5 Rc8 14. Rad1 Nbd5 15. Rfe1 Bc6 16. Nxc6 Rxc6 17. Re5 Nb6 18. Qe2 a6 19. h3 Rd6 20. Qe3 Nbd5 21. Qg3 Ne7 22. Ne4 Nxe4 23. Rxe4 Qd7 24. Qd3 Rd8 25. g4 Nd5 26. a3 g6 27. Bxd5 Rxd5 28. Qe3 Kg7 29. h4 h6 30. Kg2 Qe7 31. Kg3 Qc7+ 32. Kg2 Rc8 33. Rd2 Qe7 34. Qg3 g5 35. h5 Qc7 36. Qxc7 Rxc7 37. Kf3 Rb5 38. Re3 Rc1 39. Ke4 a5 40. a4 Rb4 41. b3 Rb1 42. Rdd3 Kf6 43. Rf3+ Kg7 44. Rfe3 Rc1 45. Rg3 0-1

[Event "GER-ch Seniors 22nd"]
[Site "Berlin"]
[Date "2010.08.19"]
[Round "4"]
[White "Petkov, Peter"]
[Black "Thielemann, Joachim"]
[Result "1-0"]
[WhiteElo "1907"]
[BlackElo "1744"]
[PlyCount "93"]
[EventDate "2010.08.16"]
[EventType "swiss"]
[EventRounds "9"]
[EventCountry "GER"]
[SourceTitle "CBM 138 Extra"]
[Source "ChessBase"]
[SourceDate "2010.10.29"]
[SourceVersion "1"]
[SourceVersionDate "2010.10.29"]
[SourceQuality "1"]

1. Nf3 Nf6 2. b3 d5 3. Bb2 e6 4. e3 Be7 5. d4 Nbd7 6. Bd3 0-0 7. 0-0 a6 8. c4 c5 9. Nc3 Re8 10. Rc1 dxc4 11. bxc4 Nb6 12. Qe2 Bd7 13. Rfd1 Rc8 14. Ne5 Qc7 15. Nxd7 Nbxd7 16. d5 Bd6 17. g3 e5 18. Ne4 Nxe4 19. Bxe4 g6 20. Bg2 f5 21. f3 Qd8 22. e4 Qg5 23. Rc2 Rf8 24. Bc1 Qe7 25. Rb2 Rc7 26. Bh3 fxe4 27. fxe4 Nf6 28. Bh6 Rb8 29. Be6+ Kh8 30. Bg5 Qg7 31. Rf1 Rf8 32. Qe3 Ng8 33. Rxf8 Qxf8 34. Rf2 Qe8 35. Qf3 Rg7 36. h4 h6 37. Bf6 Nxf6 38. Qxf6 Kh7 39. h5 Qe7 40. hxg6+ Kh8 41. Qf5 Qe8 42. Bf7 Rxf7 43. gxf7 Qf8 44. Qe6 Kg7 45. Rf6 Be7 46. Rg6+ Kh7 47. Rg8 1-0

[Event "Berlin-ch Seniors op 26th"]
[Site "Berlin"]
[Date "2010.02.14"]
[Round "6"]
[White "Keusch, Horst"]
[Black "Petkov, Peter"]
[Result "1-0"]
[WhiteElo "1879"]
[BlackElo "1918"]
[PlyCount "55"]
[EventDate "2010.02.09"]
[EventType "swiss"]
[EventRounds "9"]
[EventCountry "GER"]
[SourceTitle "EXT 2012"]
[Source "ChessBase"]
[SourceDate "2011.11.24"]
[SourceVersion "1"]
[SourceVersionDate "2011.11.24"]
[SourceQuality "1"]

1. f4 Nc6 2. Nf3 d5 3. e3 Bg4 4. h3 Bxf3 5. Qxf3 e6 6. d4 Nf6 7. Nc3 Bb4 8. Bd3 0-0 9. Bd2 Rc8 10. 0-0-0 Nb8 11. g4 c5 12. dxc5 Rxc5 13. g5 Nfd7 14. a3 Bxc3 15. Bxc3 Rxc3 16. bxc3 Qa5 17. Kd2 Rc8 18. Rb1 Qxc3+ 19. Ke2 Nc5 20. Rhd1 Nxd3 21. cxd3 Qc2+ 22. Kf1 Nd7 23. Qe2 Qxe2+ 24. Kxe2 Rc2+ 25. Rd2 Rc7 26. Rbb2 Nb6 27. Rdc2 Rd7 28. Rxb6 1-0

[Event "Berlin-ch Seniors op 26th"]
[Site "Berlin"]
[Date "2010.02.09"]
[Round "1"]
[White "Petkov, Peter"]
[Black "Windmueller, Werner"]
[Result "1-0"]
[WhiteElo "1918"]
[BlackElo "1629"]
[PlyCount "151"]
[EventDate "2010.02.09"]
[EventType "swiss"]
[EventRounds "9"]
[EventCountry "GER"]
[SourceTitle "EXT 2012"]
[Source "ChessBase"]
[SourceDate "2011.11.24"]
[SourceVersion "1"]
[SourceVersionDate "2011.11.24"]
[SourceQuality "1"]

1. e4 e6 2. Qe2 Nc6 3. d3 Nge7 4. Nc3 Ng6 5. g3 e5 6. Bg2 Nd4 7. Qd1 c6 8. Be3 Ne6 9. Nge2 Be7 10. 0-0 0-0 11. f4 exf4 12. gxf4 Nh4 13. Bh3 f5 14. Ng3 g6 15. Kh1 d6 16. exf5 Nxf5 17. Nxf5 gxf5 18. Rg1+ Kh8 19. Qh5 Ng7 20. Bd4 Bf6 21. Bxf6 Qxf6 22. Qg5 Bd7 23. Rae1 Rae8 24. Qxf6 Rxf6 25. Rxe8+ Bxe8 26. Re1 Kg8 27. Kg2 Kf8 28. Re3 Bf7 29. a3 Nh5 30. Ne2 b5 31. Kf2 a5 32. Bg2 d5 33. Bf3 Ng7 34. b4 axb4 35. axb4 Rh6 36. Kg1 Re6 37. Re5 Rd6 38. Nd4 Bg6 39. Kf2 Rf6 40. Re1 Bf7 41. Ra1 Be8 42. Ra7 Rf7 43. Ra8 Ke7 44. Ke3 Rf6 45. Ra7+ Kf8 46. Bg2 Rh6 47. h3 Rg6 48. Kf3 Rf6 49. Bf1 Rf7 50. Ra8 Ke7 51. Be2 Rf6 52. Ra7+ Kf8 53. Rc7 Rh6 54. Kg3 Rg6+ 55. Kh2 Rf6 56. Bf3 Rd6 57. Kg3 Rg6+ 58. Kf2 Rh6 59. Bg2 Rf6 60. Nf3 Rf7 61. Rc8 h6 62. Ne5 Rf6 63. Nd7+ Ke7 64. Nxf6 Kxf6 65. Bf3 Ke7 66. Rc7+ Bd7 67. Ra7 Kd8 68. c3 Ne6 69. Ke3 Ng7 70. Ra8+ Bc8 71. Kd4 Ne6+ 72. Ke5 Nc7 73. Ra7 Kd7 74. Bh5 Kd8 75. Kd6 Ne6 76. Rh7 1-0